[Event "33. Seebach-Open"]
[Site "Grossenseebach"]
[Date "2024.06.01"]
[Round "6.10"]
[White "Koenig, Oliver"]
[Black "Quaschner, Manuel"]
[Result "0-1"]
[WhiteElo "1935"]
[BlackElo "2091"]
[PlyCount "68"]
[EventDate "2024.??.??"]
[WhiteTeam "SGem 1882 Fürth"]
[BlackTeam "FSV Großenseebach"]

1. d4 g6 2. Nc3 Bg7 3. e4 d6 4. f4 Nd7 5. Nf3 c5 6. Be3 cxd4 7. Bxd4 e5 8. fxe5
dxe5 9. Be3 Ne7 10. Qd2 O-O 11. O-O-O Qa5 12. Bh6 Nf6 13. Kb1 Nc6 14. Bxg7 Kxg7
15. Bc4 Bg4 16. Qg5 h6 17. Qh4 Bxf3 18. gxf3 Rad8 19. Bd5 Rd6 20. Bxc6 Rxc6 21.
Rd3 Rfc8 22. Rhd1 Qb4 23. a3 Qb6 24. Qe1 Qc5 25. Qd2 b5 26. Rd6 b4 27. Rxc6
Rxc6 28. Na4 Qb5 29. Qxb4 Qe2 30. Qd2 Qxf3 31. Nc3 Rxc3 32. bxc3 Nxe4 33. Qd3
Qxd1+ 34. Qxd1 Nxc3+ 0-1

[Event "33. Seebach-Open"]
[Site "Grossenseebach"]
[Date "2024.06.01"]
[Round "6.11"]
[White "Sattler, Stefan"]
[Black "Martin Fernandez, Rafael"]
[Result "1/2-1/2"]
[WhiteElo "2085"]
[BlackElo "1991"]
[PlyCount "30"]
[EventDate "2024.??.??"]
[WhiteTeam "SK 1911 Herzogenaurach e.V."]
[BlackTeam "SC Erlangen 48/88"]

1. e4 c5 2. c3 Nf6 3. e5 Nd5 4. Nf3 Nc6 5. Bc4 Nb6 6. Bb3 g6 7. d4 cxd4 8. cxd4
Bg7 9. Bf4 d6 10. exd6 exd6 11. O-O O-O 12. Bg5 Bf6 13. Bh6 Bg7 14. Bg5 Bf6 15.
Bh6 Bg7 1/2-1/2

[Event "33. Seebach-Open"]
[Site "Grossenseebach"]
[Date "2024.06.01"]
[Round "6.12"]
[White "Keck, Johannes"]
[Black "Krupke, Sven"]
[Result "0-1"]
[WhiteElo "1825"]
[BlackElo "2085"]
[PlyCount "68"]
[EventDate "2024.??.??"]
[WhiteTeam "SC Erlangen 48/88"]
[BlackTeam "SF Rosenheim e.V."]

1. e4 c5 2. Nf3 e6 3. d4 cxd4 4. Nxd4 Nc6 5. Nc3 Nf6 6. a3 d5 7. Bb5 Bd7 8.
exd5 exd5 9. O-O Be7 10. Re1 O-O 11. Bf4 Rc8 12. Nxc6 bxc6 13. Ba6 Ra8 14. Bb7
Rb8 15. Bxb8 Qxb8 16. Ba6 Bd6 17. h3 Qxb2 18. Na4 Qb8 19. Nc3 Be5 20. Rb1 Qd6
21. Qf3 Re8 22. Bf1 Qxa3 23. Rb3 Qa5 24. Reb1 g6 25. g4 h6 26. Rc1 Kg7 27. Rcb1
Be6 28. Qe3 d4 29. Qf3 Bxb3 30. Rxb3 dxc3 31. Qxc6 Qd5 32. Qa6 Qd4 33. Rb7 Ne4
34. Qe2 Nc5 0-1

[Event "33. Seebach-Open"]
[Site "Grossenseebach"]
[Date "2024.06.01"]
[Round "6.13"]
[White "Diller, Marianne"]
[Black "Stierhof, Michael"]
[Result "1-0"]
[WhiteElo "1844"]
[BlackElo "2068"]
[PlyCount "53"]
[EventDate "2024.??.??"]
[WhiteTeam "SK Rothenburg e.V."]
[BlackTeam "SC 1868 Bamberg"]

1. d4 Nf6 2. c4 e6 3. Nc3 d5 4. Nf3 Be7 5. Bf4 O-O 6. e3 b6 7. cxd5 exd5 8. h3
Be6 9. Bd3 c5 10. dxc5 bxc5 11. O-O Nbd7 12. Rc1 Qb6 13. Qe2 a5 14. Rfd1 Qb7
15. Bb1 Rfc8 16. Nb5 Rc6 17. Ne5 Rb6 18. a4 Rc8 19. Rd2 c4 20. Nc3 Nc5 21. Rcd1
Nb3 22. Rc2 Bf5 23. e4 Nxe4 24. Nxd5 Re6 25. Nxe7+ Rxe7 26. Rxc4 Rxc4 27. Rd8+
1-0

[Event "33. Seebach-Open"]
[Site "Grossenseebach"]
[Date "2024.06.01"]
[Round "6.14"]
[White "Seidel, Peter"]
[Black "Rosin, Ralf"]
[Result "1-0"]
[WhiteElo "2124"]
[BlackElo "1915"]
[PlyCount "35"]
[EventDate "2024.??.??"]
[WhiteTeam "SC Höchstadt/Aisch"]
[BlackTeam "FSV Großenseebach"]

1. e4 Nc6 2. Nf3 e5 3. Bc4 Nf6 4. d3 Bc5 5. O-O d6 6. c3 Be6 7. Bxe6 fxe6 8. d4
exd4 9. cxd4 Bb6 10. d5 exd5 11. exd5 Ne7 12. Ng5 Qd7 13. Nc3 O-O 14. Be3 Qf5
15. Ne6 Rfc8 16. Nf4 g5 17. Nh5 Ng4 18. Qxg4 1-0

[Event "33. Seebach-Open"]
[Site "Grossenseebach"]
[Date "2024.06.01"]
[Round "6.15"]
[White "Albert, Markus"]
[Black "Arora, Abhiraaj"]
[Result "1/2-1/2"]
[WhiteElo "2255"]
[BlackElo "1827"]
[PlyCount "152"]
[EventDate "2024.??.??"]
[WhiteTeam "SC Ansbach 1855 e.V."]
[BlackTeam "SC Erlangen 48/88"]

1. Nc3 Nf6 2. e4 e5 3. f4 d5 4. fxe5 Nxe4 5. Qf3 Nxc3 6. bxc3 c6 7. d4 Be7 8.
Bd3 Be6 9. Ne2 Nd7 10. Nf4 Qa5 11. O-O O-O-O 12. Bd2 Rdf8 13. Nxe6 fxe6 14. Qg4
Re8 15. Rf7 Bf8 16. Qh5 c5 17. Rf2 Be7 18. a4 g6 19. Qh3 c4 20. Be2 h5 21. Rf7
Qa6 22. a5 Bd8 23. Qg3 Rhg8 24. Qf4 g5 25. Qf2 g4 26. Rh7 Ref8 27. Rf7 Re8 28.
Qf1 Bh4 29. Bc1 Be7 30. Rh7 h4 31. Qf7 Rgf8 32. Qg6 g3 33. hxg3 hxg3 34. Qxg3
Rg8 35. Rg7 Rh8 36. Qg6 Nxe5 37. Qg3 Nd7 38. Bg4 Bh4 39. Qe3 Ref8 40. Bf3 Bf6
41. Rg6 Qd6 42. Ba3 Qh2+ 43. Kf2 Re8 44. a6 b6 45. Rf1 e5 46. Bg4 Bh4+ 47. Kf3
e4+ 48. Ke2 Qxg2+ 49. Rf2 Qxf2+ 50. Qxf2 Bxf2 51. Kxf2 e3+ 52. Ke1 Rh1+ 53. Ke2
Rh2+ 54. Ke1 e2 55. Be6 Kc7 56. Bxd5 Rh5 57. Bf3 Rh3 58. Bd6+ Kd8 59. Rg3 Rh6
60. Bf4 Rhe6 61. Bd5 b5 62. Bxe6 Rxe6 63. Rg5 Rxa6 64. Rxb5 Ra2 65. Kxe2 Rxc2+
66. Bd2 Ra2 67. Ke3 Kc7 68. Be1 Kc6 69. Rh5 a5 70. Bg3 a4 71. d5+ Kc5 72. d6+
Kc6 73. Kd4 Rg2 74. Bf4 a3 75. Ra5 a2 76. Kxc4 Rg4 1/2-1/2

[Event "33. Seebach-Open"]
[Site "Grossenseebach"]
[Date "2024.06.01"]
[Round "6.16"]
[White "Bieberle, Jan"]
[Black "Bomert, Christian"]
[Result "1-0"]
[WhiteElo "2153"]
[BlackElo "1824"]
[PlyCount "107"]
[EventDate "2024.??.??"]
[WhiteTeam "SC Höchstadt/Aisch"]
[BlackTeam "HSK Lister Turm"]

1. e4 Nf6 2. e5 Nd5 3. d4 d6 4. Nf3 Nc6 5. Bb5 a6 6. Ba4 Nb6 7. Bb3 dxe5 8.
Nxe5 Nxe5 9. dxe5 Qxd1+ 10. Kxd1 Bf5 11. Nc3 e6 12. Ke2 Nd7 13. f4 Nc5 14. Be3
Nxb3 15. cxb3 Bb4 16. Rac1 Bxc3 17. Rxc3 c6 18. Bb6 Be4 19. Kf2 f5 20. Rd1 Bd5
21. g3 h6 22. Ke3 g5 23. Rf1 g4 24. Kd4 h5 25. Kc5 Kd7 26. Kb4 h4 27. Bf2 h3
28. Bb6 Rh7 29. Ka5 Rg8 30. Rd1 Kc8 31. Ba7 Rgg7 32. Kb6 Rc7 33. a4 Rcd7 34. b4
Be4 35. Rd6 Rxd6 36. exd6 Rd7 37. Kc5 b5 38. axb5 axb5 39. Bb6 Kb8 40. Ra3 Bd5
41. Bc7+ Kb7 42. Bb6 Kb8 43. Ra6 Kb7 44. Ra7+ Kc8 45. Bc7 Rf7 46. Ra8+ Kb7 47.
Rb8+ Ka7 48. Re8 e5 49. Rxe5 Kb7 50. Re8 Rd7 51. Rb8+ Ka7 52. Kd4 Rf7 53. Ke5
Ka6 54. Re8 1-0

[Event "33. Seebach-Open"]
[Site "Grossenseebach"]
[Date "2024.06.01"]
[Round "6.17"]
[White "Faust, Bernhard"]
[Black "Redzepovic, Irfan"]
[Result "0-1"]
[WhiteElo "1818"]
[BlackElo "2028"]
[PlyCount "60"]
[EventDate "2024.??.??"]
[WhiteTeam "SK Rothenburg e.V."]
[BlackTeam "SC Schwarz-Weiß Nürnberg Süd e.V"]

1. d4 Nf6 2. c4 e6 3. Nc3 Bb4 4. Qc2 d5 5. a3 Bxc3+ 6. bxc3 c5 7. cxd5 Qxd5 8.
Nf3 Nc6 9. e3 c4 10. a4 O-O 11. Ba3 Re8 12. Nd2 e5 13. Rc1 exd4 14. cxd4 Nxd4
15. Qxc4 Bf5 16. Qxd5 Nxd5 17. Bb2 Nc2+ 18. Ke2 Rad8 19. Kf3 Ndxe3 20. fxe3
Rxd2 21. Rxc2 Rxc2 22. Bd4 g5 23. h4 Be4+ 24. Kg3 Rc1 25. hxg5 Bd3 26. Kf2 Rec8
27. Bxd3 Rxh1 28. Kg3 a6 29. Be4 b5 30. axb5 axb5 0-1

[Event "33. Seebach-Open"]
[Site "Grossenseebach"]
[Date "2024.06.01"]
[Round "6.18"]
[White "Schmahl, Stephan"]
[Black "Vaas, Andreas"]
[Result "1-0"]
[WhiteElo "2007"]
[BlackElo "1804"]
[PlyCount "73"]
[EventDate "2024.??.??"]
[WhiteTeam "SC Windischeschenbach"]
[BlackTeam "SK Dinkelsbühl e.V."]

1. e4 Nf6 2. e5 Nd5 3. d4 d6 4. Nf3 Nb6 5. Be2 g6 6. O-O Bg7 7. Bf4 O-O 8. h3
Nc6 9. c3 Bf5 10. Na3 Qd7 11. Nc4 Nd5 12. Bg3 Rfd8 13. a4 a6 14. a5 b5 15. axb6
Nxb6 16. Nxb6 cxb6 17. exd6 b5 18. d5 exd6 19. dxc6 Qxc6 20. Nd4 Bxd4 21. Qxd4
d5 22. Rfd1 Be6 23. Bf3 Rd7 24. Be5 a5 25. Qf4 f5 26. Bd4 Qd6 27. Qxd6 Rxd6 28.
Re1 Kf7 29. Re5 a4 30. Rae1 Rad8 31. Bc5 Rc6 32. Bd4 Rcd6 33. Be2 Rb8 34. f4
Bd7 35. Bf3 Re8 36. Bc5 Rxe5 37. Rxe5 1-0

[Event "33. Seebach-Open"]
[Site "Grossenseebach"]
[Date "2024.06.01"]
[Round "6.19"]
[White "Seibold, Hubert"]
[Black "Poelsterl, Hans"]
[Result "1-0"]
[WhiteElo "1996"]
[BlackElo "1798"]
[PlyCount "65"]
[EventDate "2024.??.??"]
[WhiteTeam "SK Zirndorf e.V."]
[BlackTeam "SK Nürnberg 1911 e.V."]

1. c4 Nf6 2. Nc3 d6 3. g3 g6 4. Bg2 Bg7 5. Nf3 Nbd7 6. O-O O-O 7. d3 e5 8. Bd2
a5 9. a3 Nc5 10. Qc2 a4 11. Rad1 Bf5 12. e4 Bg4 13. h3 Bd7 14. Be3 Qc8 15. Kh2
Ne6 16. d4 exd4 17. Nxd4 Nc5 18. Ndb5 Bc6 19. e5 Bxg2 20. Kxg2 Nfd7 21. Nd5 Kh8
22. Nbxc7 Nxe5 23. Nxa8 Qxa8 24. f4 Nc6 25. Kh2 f5 26. Nc7 Qc8 27. Nb5 Qe6 28.
Bxc5 dxc5 29. Rfe1 Qf6 30. Re2 Nd4 31. Nxd4 cxd4 32. Qxa4 Rd8 33. Re8+ 1-0

[Event "33. Seebach-Open"]
[Site "Grossenseebach"]
[Date "2024.06.01"]
[Round "6.20"]
[White "Leis, Stefan"]
[Black "Gomer, Thomas"]
[Result "1-0"]
[WhiteElo "1972"]
[BlackElo "1764"]
[PlyCount "63"]
[EventDate "2024.??.??"]
[WhiteTeam "SC Mühlhof-Reichelsdorf e.V."]
[BlackTeam "SV Balingen"]

1. d4 Nf6 2. Nf3 d5 3. Bf4 Bf5 4. e3 e6 5. c4 Bd6 6. Bg5 c6 7. Nc3 Nbd7 8. c5
Be7 9. h3 Ne4 10. Bf4 Qa5 11. Qc1 Ndf6 12. a3 Nxc3 13. b4 Qa4 14. Qxc3 Ne4 15.
Qb2 b6 16. Be2 bxc5 17. bxc5 Bf6 18. Rc1 O-O 19. O-O h6 20. Bd1 Qa6 21. Bc2 g5
22. Bh2 g4 23. hxg4 Bxg4 24. Bxe4 dxe4 25. Nd2 Bf5 26. Nc4 Kh7 27. Nd6 Bg6 28.
Rc3 Rab8 29. Qc2 Rbd8 30. Rb1 Rd7 31. Rb4 Be7 32. Ra4 1-0

[Event "33. Seebach-Open"]
[Site "Grossenseebach"]
[Date "2024.06.01"]
[Round "6.21"]
[White "Kromer, Thomas"]
[Black "Schwarzmann, Tobias"]
[Result "1-0"]
[WhiteElo "1754"]
[BlackElo "1953"]
[PlyCount "55"]
[EventDate "2024.??.??"]
[WhiteTeam "SF Riedlingen"]
[BlackTeam "SC Höchstadt/Aisch"]

1. e4 c5 2. Nf3 Nc6 3. d4 cxd4 4. c3 dxc3 5. Nxc3 d6 6. Bc4 Nf6 7. e5 dxe5 8.
Qxd8+ Kxd8 9. Ng5 Be6 10. Bxe6 fxe6 11. Nf7+ Ke8 12. Nxh8 g6 13. Be3 Bg7 14.
Nb5 Nd5 15. Rd1 Kf8 16. Nxg6+ hxg6 17. O-O Kf7 18. Nc3 Nd4 19. Ne4 Rc8 20. h4
Ke8 21. Rd2 b6 22. Re1 Kd7 23. Ng5 Bf6 24. Nxe6 Nxe6 25. Rxd5+ Kc6 26. Rc1+
Kxd5 27. Rxc8 Bxh4 28. Rg8 1-0

[Event "33. Seebach-Open"]
[Site "Grossenseebach"]
[Date "2024.06.01"]
[Round "6.22"]
[White "Schraegle, Thorsten"]
[Black "Tokgoez, Furkan"]
[Result "1-0"]
[WhiteElo "1950"]
[BlackElo "1759"]
[PlyCount "65"]
[EventDate "2024.??.??"]
[WhiteTeam "SG Donautal Tuttlingen"]
[BlackTeam "SC Noris-Tarrasch Nürnberg 1873"]

1. d4 Nf6 2. Nc3 d5 3. Bf4 c6 4. e3 e6 5. a3 Be7 6. Nf3 O-O 7. Bd3 Nbd7 8. e4
dxe4 9. Nxe4 Nxe4 10. Bxe4 Nf6 11. Bd3 c5 12. dxc5 Bxc5 13. O-O Bd7 14. b4 Bb6
15. c4 Bc6 16. Ne5 Bd4 17. Nxc6 bxc6 18. Rb1 e5 19. Bg5 h6 20. Bh4 Qd6 21. Qc2
g5 22. Bg3 Nh5 23. c5 Qf6 24. a4 Rad8 25. Qe2 Nf4 26. Bxf4 exf4 27. Qf3 Rfe8
28. Be4 Re6 29. Rfd1 Rde8 30. Bxc6 R8e7 31. Bb5 Qe5 32. Bc4 Rg6 33. Qd3 1-0

[Event "33. Seebach-Open"]
[Site "Grossenseebach"]
[Date "2024.06.01"]
[Round "6.23"]
[White "Waschner, Richard"]
[Black "Akhramsyah Muammar Ubaidah, Aqil"]
[Result "0-1"]
[WhiteElo "1638"]
[BlackElo "1949"]
[PlyCount "42"]
[EventDate "2024.??.??"]
[WhiteTeam "Spvg Zabo-Eintracht Nürnberg e.V"]
[BlackTeam "SF Brand 1981 e. V."]

1. d4 d5 2. Nc3 Nf6 3. Bf4 e6 4. Nb5 Na6 5. e3 c5 6. Nf3 c4 7. a4 Be7 8. Ne5
O-O 9. h4 Nd7 10. Qg4 Nxe5 11. dxe5 f5 12. Qg3 Nc5 13. f3 Bd7 14. Nc3 Qb6 15.
Ra2 Qb4 16. Kf2 Nxa4 17. Nxa4 Bxa4 18. Bg5 Bxc2 19. h5 Bxg5 20. Qxg5 Bb1 21. h6
g6 0-1

[Event "33. Seebach-Open"]
[Site "Grossenseebach"]
[Date "2024.06.01"]
[Round "6.24"]
[White "Kassner, Sascha"]
[Black "Kwossek, Martin"]
[Result "1/2-1/2"]
[WhiteElo "1937"]
[BlackElo "1724"]
[PlyCount "59"]
[EventDate "2024.??.??"]
[WhiteTeam "SF Rosenheim e.V."]
[BlackTeam "SC Kitzingen von 1905"]

1. g4 e5 2. d3 d6 3. h3 g6 4. Bg2 Bg7 5. c3 Ne7 6. Qb3 Nbc6 7. Nd2 Rb8 8. a4
Be6 9. Qc2 a5 10. Ne4 h6 11. Ng3 Nd5 12. e4 Nf4 13. Bxf4 exf4 14. N3e2 g5 15.
d4 Bc4 16. b3 Ba6 17. Rd1 Qe7 18. Bf3 Nd8 19. d5 c5 20. c4 Be5 21. h4 Qf8 22.
Nc1 f6 23. Nd3 Nf7 24. hxg5 hxg5 25. Rh5 Ke7 26. Qe2 Bc3+ 27. Kf1 b6 28. Rc1
Be5 29. Bg2 Qg7 30. Rxh8 1/2-1/2

[Event "33. Seebach-Open"]
[Site "Grossenseebach"]
[Date "2024.06.01"]
[Round "6.25"]
[White "Weissmann, Peter"]
[Black "Brunsch, Michael"]
[Result "1/2-1/2"]
[WhiteElo "1568"]
[BlackElo "1936"]
[PlyCount "57"]
[EventDate "2024.??.??"]
[WhiteTeam "SGem 1882 Fürth"]
[BlackTeam "SC Höchstadt/Aisch"]

1. e4 c5 2. Nf3 d6 3. d4 cxd4 4. Nxd4 Nf6 5. Nc3 a6 6. Be2 e5 7. Nb3 Be7 8. Bg5
Be6 9. O-O O-O 10. Qd3 Nbd7 11. Bxf6 Nxf6 12. Rad1 b5 13. Nd5 Bxd5 14. exd5 Rc8
15. Kh1 Nd7 16. Bg4 Rc4 17. Bxd7 Qxd7 18. Na5 Rd4 19. Qe2 Rxd1 20. Rxd1 f5 21.
Nc6 Bf6 22. c4 bxc4 23. Qxc4 Qb7 24. b4 Qb5 25. Rc1 e4 26. Qxb5 axb5 27. Na5
Bd4 28. Rc2 f4 29. Nc6 1/2-1/2

[Event "33. Seebach-Open"]
[Site "Grossenseebach"]
[Date "2024.06.01"]
[Round "6.26"]
[White "Hock, Gerold"]
[Black "Schuetze, Benjamin"]
[Result "1/2-1/2"]
[WhiteElo "1916"]
[BlackElo "1685"]
[PlyCount "45"]
[EventDate "2024.??.??"]
[WhiteTeam "SC Sulzbach"]
[BlackTeam "FSV Großenseebach"]

1. d4 Nf6 2. c4 e6 3. Nf3 d5 4. Nc3 Be7 5. e3 O-O 6. a3 b6 7. cxd5 exd5 8. Bd3
Nbd7 9. Ne5 Bb7 10. f4 Ne4 11. O-O f5 12. Qb3 Nxe5 13. fxe5 c5 14. Nxe4 fxe4
15. Rxf8+ Kxf8 16. Be2 Qd7 17. Bd2 Kg8 18. Rf1 Rf8 19. Rxf8+ Kxf8 20. Qd1 Bg5
21. Bg4 Qf7 22. Qe2 g6 23. Qf2 1/2-1/2

[Event "33. Seebach-Open"]
[Site "Grossenseebach"]
[Date "2024.06.01"]
[Round "6.27"]
[White "Korn, Lukas Alexander"]
[Black "Sammer, Fabian"]
[Result "1-0"]
[WhiteElo "1883"]
[BlackElo "1672"]
[PlyCount "57"]
[EventDate "2024.??.??"]
[WhiteTeam "FSV Großenseebach"]
[BlackTeam "SC JÄKLECHEMIE Talente Franken e"]

1. d4 Nf6 2. Bf4 d5 3. e3 Bf5 4. c4 e6 5. Nc3 c6 6. Qb3 Qb6 7. c5 Qxb3 8. axb3
Nbd7 9. b4 Be7 10. Nf3 O-O 11. h3 b5 12. Ra6 Rfc8 13. Be2 Nb8 14. Bxb8 Rcxb8
15. Ne5 Rb7 16. Nxc6 Bd8 17. O-O Ne8 18. Nxd8 Rxd8 19. Rfa1 e5 20. Rxa7 Rbb8
21. Bxb5 exd4 22. exd4 Nf6 23. c6 Rbc8 24. c7 Rf8 25. Bc6 Be6 26. b5 Bd7 27.
Bxd7 Nxd7 28. Nxd5 f6 29. Ne7+ 1-0

[Event "33. Seebach-Open"]
[Site "Grossenseebach"]
[Date "2024.06.01"]
[Round "6.29"]
[White "Galter, Norbert"]
[Black "Neher, Benjamin"]
[Result "1-0"]
[WhiteElo "1507"]
[BlackElo "1839"]
[PlyCount "59"]
[EventDate "2024.??.??"]
[WhiteTeam "Spvg Zabo-Eintracht Nürnberg e.V"]
[BlackTeam "SF Wetzisreute"]

1. d4 g6 2. c4 d6 3. Nc3 Bg7 4. Nf3 Nf6 5. e4 O-O 6. Be2 e5 7. Be3 Nc6 8. d5
Ne7 9. Nd2 c6 10. b4 h6 11. Nb3 cxd5 12. cxd5 Nh7 13. f4 exf4 14. Bd4 Nf6 15.
Rc1 Bd7 16. Na5 b6 17. Nc4 Nc8 18. a4 Re8 19. Nd2 Ng4 20. Nf3 Bxd4 21. Qxd4 Ne3
22. Kd2 Nxg2 23. h4 Bg4 24. Rcg1 Bxf3 25. Bxf3 Ne3 26. Ne2 Qe7 27. Nxf4 Qe5 28.
Kxe3 Ne7 29. Qxe5 dxe5 30. Nd3 1-0

[Event "33. Seebach-Open"]
[Site "Grossenseebach"]
[Date "2024.06.01"]
[Round "6.30"]
[White "Vennemann, Juergen"]
[Black "Vinogradov, Anatoli"]
[Result "1-0"]
[WhiteElo "1831"]
[BlackElo "1639"]
[PlyCount "59"]
[EventDate "2024.??.??"]
[WhiteTeam "SC Hersbruck"]
[BlackTeam "SF Haselmühl/Amberg"]

1. e4 e6 2. d4 d5 3. exd5 exd5 4. Nf3 Nf6 5. c4 Nc6 6. Nc3 Be7 7. Be2 O-O 8.
O-O Bf5 9. a3 a6 10. Ne5 dxc4 11. Nxc6 bxc6 12. Bxc4 Nd5 13. Qf3 Be6 14. Re1
Bf6 15. Bd3 g6 16. Bh6 Re8 17. Nxd5 cxd5 18. Be3 Bg7 19. Rec1 Qd7 20. h3 a5 21.
Rc5 Bf8 22. Bb5 Qd8 23. Rcc1 Bd7 24. Qxd5 Bxb5 25. Qxb5 Bg7 26. Qc4 Rc8 27. b4
axb4 28. axb4 Re4 29. Ra7 Re7 30. b5 1-0

[Event "33. Seebach-Open"]
[Site "Grossenseebach"]
[Date "2024.06.01"]
[Round "6.31"]
[White "Averkova, Olena"]
[Black "Wolf, Moritz"]
[Result "1-0"]
[WhiteElo "1812"]
[BlackElo "1601"]
[PlyCount "65"]
[EventDate "2024.??.??"]
[WhiteTeam "SC 1868 Bamberg"]
[BlackTeam "TSV Cadolzburg e.V."]

1. e4 c6 2. d4 d5 3. e5 Bf5 4. Nf3 e6 5. Be2 Nd7 6. O-O Ne7 7. c3 c5 8. Qa4 Nc6
9. Bb5 Rc8 10. Bxc6 Rxc6 11. Qxa7 Qc8 12. Qa4 cxd4 13. Nxd4 Ra6 14. Qb3 Bd3 15.
Re1 Bc4 16. Qd1 Bxa2 17. Bf4 Nc5 18. Na3 Na4 19. Rxa2 Nxc3 20. Qc2 Qc5 21. Qxc3
Qxc3 22. bxc3 Rxa3 23. Rxa3 Bxa3 24. Nb5 Bc5 25. Be3 Bxe3 26. Nd6+ Ke7 27. Rxe3
f6 28. f4 Rb8 29. Re1 b6 30. Kf2 h5 31. Ke3 fxe5 32. fxe5 g5 33. Ra1 1-0

[Event "33. Seebach-Open"]
[Site "Grossenseebach"]
[Date "2024.06.01"]
[Round "6.32"]
[White "Abdelrahim, Ahmed"]
[Black "Walter, Manfred"]
[Result "1-0"]
[WhiteElo "1995"]
[BlackElo "1685"]
[PlyCount "77"]
[EventDate "2024.??.??"]
[WhiteTeam "SK Radolfzell"]
[BlackTeam "SV Lauf a.d.P."]

1. f4 d6 2. Nf3 Nd7 3. e4 e5 4. d4 exd4 5. Bc4 h6 6. O-O Ngf6 7. e5 dxe5 8.
fxe5 Ng4 9. Bxf7+ Kxf7 10. e6+ Ke8 11. exd7+ Qxd7 12. h3 Ne3 13. Bxe3 dxe3 14.
Qe2 Bc5 15. Nc3 Qe7 16. Nd5 Qd6 17. Nxe3 Qb6 18. Rae1 Rf8 19. Kh1 Bxe3 20. Qd3
Rf7 21. Rxe3+ Re7 22. Rfe1 Rxe3 23. Rxe3+ Kf7 24. Ne5+ Kg8 25. Qd8+ Kh7 26. Rf3
Qd6 27. Qe8 Qe6 28. Qb5 Kg8 29. Rd3 Qf5 30. Rd8+ Kh7 31. Qe8 Qf1+ 32. Kh2 Qf4+
33. Kg1 Qe3+ 34. Kh2 Qf4+ 35. Kg1 Qe3+ 36. Kf1 Qf4+ 37. Ke2 Qe4+ 38. Kf2 Qf5+
39. Kg1 1-0

[Event "33. Seebach-Open"]
[Site "Grossenseebach"]
[Date "2024.06.01"]
[Round "6.33"]
[White "Beimler, Christian"]
[Black "Savchuk, Alexander"]
[Result "0-1"]
[WhiteElo "1696"]
[BlackElo "1896"]
[PlyCount "118"]
[EventDate "2024.??.??"]
[WhiteTeam "SV Ilmmünster"]
[BlackTeam "SC Uttenreuth e.V."]

1. d4 Nf6 2. c4 g6 3. Nc3 Bg7 4. e4 d6 5. Be3 O-O 6. Be2 e5 7. dxe5 dxe5 8.
Qxd8 Rxd8 9. Rd1 Rxd1+ 10. Bxd1 c6 11. Nge2 Be6 12. b3 Ng4 13. Bc1 f5 14. f3
Nf6 15. O-O Na6 16. Na4 fxe4 17. Nec3 exf3 18. Bxf3 Bf5 19. Rd1 e4 20. Be2 Kf7
21. Bf4 Re8 22. h3 h5 23. Kf2 Bf8 24. Bd6 Bxd6 25. Rxd6 Ke7 26. Rd1 Rd8 27.
Rxd8 Kxd8 28. a3 Ke7 29. Ke3 g5 30. Bf1 Kd6 31. g3 Ke5 32. Bg2 h4 33. g4 Bxg4
34. hxg4 Nxg4+ 35. Ke2 Nf6 36. Ke3 Ng4+ 37. Ke2 Nf6 38. Ke3 g4 39. Nxe4 h3 40.
Bh1 Nxe4 41. Bxe4 g3 42. Bf3 g2 43. Kf2 Kd4 44. Bg4 b5 45. cxb5 cxb5 46. Nb6
axb6 47. Bxh3 g1=Q+ 48. Kxg1 Kc3 49. Be6 Nc5 50. Bf7 Nxb3 51. Kf2 Kb2 52. Be8
Nd4 53. Bg6 Kxa3 54. Ke3 Ne6 55. Kd2 Kb2 56. Bf7 Nc5 57. Be8 b4 58. Bf7 b3 59.
Bg8 Ka1 0-1

[Event "33. Seebach-Open"]
[Site "Grossenseebach"]
[Date "2024.06.01"]
[Round "6.34"]
[White "Becker, Werner"]
[Black "Dreyer, Andre"]
[Result "1/2-1/2"]
[WhiteElo "1669"]
[BlackElo "1832"]
[PlyCount "33"]
[EventDate "2024.??.??"]
[WhiteTeam "SC Rochade e.V."]
[BlackTeam "SV Stockenhausen-Frommern"]

1. Nf3 d5 2. d4 Nf6 3. c3 c6 4. Qc2 e6 5. Bf4 Bd6 6. Bxd6 Qxd6 7. Nbd2 Nbd7 8.
e4 dxe4 9. Nxe4 Nxe4 10. Qxe4 Nf6 11. Qc2 O-O 12. Bd3 Rd8 13. O-O-O b6 14. g3
Bb7 15. Rhe1 h6 16. Ne5 c5 17. Kb1 1/2-1/2

[Event "33. Seebach-Open"]
[Site "Grossenseebach"]
[Date "2024.06.01"]
[Round "6.35"]
[White "Frysztacki, Marco"]
[Black "Llugiq, Bajram"]
[Result "1/2-1/2"]
[WhiteElo "1605"]
[BlackElo "1816"]
[PlyCount "109"]
[EventDate "2024.??.??"]
[WhiteTeam "SV Lauf a.d.P."]
[BlackTeam "SC Schwarz-Weiß Nürnberg Süd e.V"]

1. e4 c5 2. Nf3 Nc6 3. d4 cxd4 4. Nxd4 a6 5. Nc3 e6 6. a3 Nf6 7. Be3 Be7 8. Be2
d5 9. exd5 Nxd5 10. Nxd5 exd5 11. c3 O-O 12. O-O Bf6 13. Qd2 Re8 14. Bf3 Ne5
15. Be2 Nc4 16. Bxc4 dxc4 17. Rad1 b5 18. Rfe1 Bb7 19. Nf5 Qxd2 20. Rxd2 Red8
21. Red1 Be4 22. Rxd8+ Bxd8 23. Nd4 Bf6 24. Rd2 Re8 25. g3 g5 26. h3 h5 27. Kh2
Kh7 28. Rd1 Kg6 29. Rd2 Be5 30. f4 gxf4 31. Bxf4 f6 32. h4 Bxd4 33. cxd4 Bd3
34. d5 Kf5 35. Bc7 Rc8 36. d6 Ke6 37. Rf2 f5 38. Kg2 Be4+ 39. Kh2 Rg8 40. Rd2
Rg7 41. Ba5 Kd7 42. Bc7 Kc6 43. Ba5 Rd7 44. Bc7 Bd3 45. Kg2 Rg7 46. Kf2 Rg4 47.
Bb8 Kd7 48. Rd1 f4 49. Rg1 Bg6 50. gxf4 Rxf4+ 51. Ke3 Re4+ 52. Kf3 Re6 53. Rg5
Kc6 54. Kf4 Re4+ 55. Kf3 1/2-1/2

[Event "33. Seebach-Open"]
[Site "Grossenseebach"]
[Date "2024.06.01"]
[Round "6.36"]
[White "Wallrab, Armin"]
[Black "Basel, Moritz"]
[Result "1/2-1/2"]
[WhiteElo "1598"]
[BlackElo "1810"]
[PlyCount "67"]
[EventDate "2024.??.??"]
[WhiteTeam "SV Ilmmünster"]
[BlackTeam "SC Kitzingen von 1905"]

1. e4 e5 2. Nf3 Nc6 3. Bb5 a6 4. Ba4 Nf6 5. O-O Be7 6. Re1 b5 7. Bb3 O-O 8. c3
d5 9. d3 Bg4 10. h3 Bh5 11. Nbd2 d4 12. Nf1 dxc3 13. bxc3 b4 14. Ng3 Bxf3 15.
Qxf3 bxc3 16. Ne2 Nb4 17. a3 Nc6 18. Nxc3 Nd4 19. Qd1 Rb8 20. Bc4 a5 21. Ne2
Bc5 22. Nxd4 Bxd4 23. Ra2 Qd6 24. Bd2 Qc5 25. Be3 Rfd8 26. Qc2 Nd7 27. Bxd4
Qxd4 28. Rb1 Nc5 29. Rab2 Rxb2 30. Qxb2 g6 31. Qxd4 Rxd4 32. Rb5 Nxd3 33. Bxd3
Rxd3 34. Rxa5 1/2-1/2

[Event "33. Seebach-Open"]
[Site "Grossenseebach"]
[Date "2024.06.01"]
[Round "6.37"]
[White "Strobl, Thomas"]
[Black "Kuhmann, Peter"]
[Result "0-1"]
[WhiteElo "1585"]
[BlackElo "1799"]
[PlyCount "72"]
[EventDate "2024.??.??"]
[WhiteTeam "TSV 1860 Weißenburg e.V."]
[BlackTeam "TSV Kirchehrenbach"]

1. d4 d6 2. e4 Nf6 3. Nc3 Nbd7 4. Nf3 e5 5. dxe5 dxe5 6. Bc4 Bb4 7. Bd2 c6 8.
O-O O-O 9. a3 Be7 10. Qe2 Qc7 11. Rfd1 b5 12. Ba2 Bb7 13. Bg5 a5 14. Qe3 Bc5
15. Qe2 h6 16. Bxf6 Nxf6 17. Nh4 Bc8 18. Nf5 Be6 19. Kh1 Rad8 20. Bxe6 fxe6 21.
Ng3 Bd4 22. Qe1 Ng4 23. Rxd4 exd4 24. Nd1 Ne5 25. f3 d3 26. cxd3 Nxd3 27. Qc3
Nf4 28. Nf2 h5 29. e5 Rd5 30. Re1 Rfd8 31. Qe3 Nd3 32. Nxd3 Rxd3 33. Qe4 Rd1
34. Nxh5 Rxe1+ 35. Qxe1 Qxe5 36. Qxe5 Rd1+ 0-1